000 00706nas a2200229 4500
001 BR5000091
003 BR-BrBNA
005 20231205081921.0
007 ta
008 230509b bl.|||p| |||| 00| 00por d
040 _aBR-BrBNA
_bpor
_cBiblioteca Nacional de Agricultura
041 _a(Pt)
072 _aF70
100 1 _aMaack, R.
245 1 _aNotas complementares a apresentacao preliminar do mapa fitogeografico do Estado do Parana (Brasil)
650 _aDISTRIBUICAO GEOGRAFICA
650 _aFLORA
650 _aPARANÁ
773 0 _tBoletim Geografico (Brazil)
_xISSN 0006-6028
_g(Jun 1950), v. 8(87) p. 338-343
_wBR5000091
909 _a202311
_bLúcia
_c55
_dLúcia Elande
942 _2AGRIS
_n0
_cANA
999 _c87793
_d87793